000 00520cam a22001932 4500
001 0000002858
005 20151217154336.0
008 070420s xx 000 0 eng d
020 _a0060973277 :
040 _aKABU
_cKABU
050 0 _aPS3558
_b.I38M36
100 1 _aHijuelos, Oscas.
_@0000152360
245 1 4 _aThe Mambo kings play songs of love.
260 _aNew York :
_bHarper & Row,
_c1990.
300 _a470 p.
908 _a070420
950 _@1
999 _c10629
_d10629